Drapeaux des pays frontaliers de la France. - Statistiques

Statistiques générales
  • Ce quiz a été pris 293 fois
  • Le résultat moyen est 10 sur 11
Statistiques - réponses
Par images Réponse % Correct
Belgique
100%
Allemagne
99%
Espagne
98%
Bresil
97%
Italie
97%
Suisse
97%
Luxembourg
95%
Pays-Bas
95%
Monaco
90%
Andorre
89%
Suriname
71%
Aucun quiz correspondant
Distribution des résultats
% des personnes avec chaque résultat
Percentile par nombre de réponses
Votre historique - résultats
Vous n’avez pas pris ce quiz